| 000 -ლიდერი |
| ფიქსირებული სიგრძის საკონტროლო ველი |
01092nam a2200253Ia 4500 |
| 001 - საკონტროლო ნომერი |
| საკონტროლო ველი |
17205 |
| 003 - საკონტროლო ნომრის იდენტიფიკატორი |
| საკონტროლო ველი |
GE_BSU |
| 005 - ბოლო ოპერაციის თარიღი და დრო |
| საკონტროლო ველი |
20250213130057.0 |
| 008 - ფიქსირებული სიგრძის მონაცემთა ელემენტები - ზოგადი ინფორმაცია |
| ფიქსირებული სიგრძის საკონტროლო ველი |
181216s2014||||ge |||||||||||||| ||geo|| |
| 020 ## - წიგნის საერთაშორისო სტანდარტული ნომერი |
| International Standard Book Number |
9992898100 |
| 040 ## - კატალოგიზაციის წყარო |
| Transcribing agency |
GE_BSU |
| 041 ## - ენის კოდი |
| Language code of text/sound track or separate title |
geo |
| 080 ## - უნივერსალური ათობითი კლასიფიკაციის ინდექსი |
| Universal Decimal Classification number |
94(100)(042.4) |
| 100 ## - მთავარი ჩანაწერი - პიროვნების სახელი |
| Personal name |
მენთეშაშვილი, ი. |
| 9 (RLIN) |
22414 |
| 245 ## - ცნობა სათაურის შესახებ |
| Title |
ინგლისის ისტორია : |
| Remainder of title |
ლექციების კურსი / |
| Statement of responsibility, etc |
[რედ. : ზ. ჩიმაკაძე, ა. ჩხეიძე] ; თბილ. ენისა და კულტურის სახ. უნ-ტი. |
| 264 ## - წარმოების, გამოცემის, დისტრიბუციის და სხვა ცნობები |
| გამოცემის, წარმოების, დისტრიბუციის... ადგილი |
თბილისი : |
| გამოცემის, წარმოების, დისტრიბუციის... სახელწოდება |
ენა და კულტურა, |
| გამოცემის, წარმოების, დისტრიბუციის... თარიღი |
2004. |
| 300 ## - ფიზიკური აღწერა |
| Extent |
313 გვ. ; |
| Dimensions |
29 სმ. |
| 504 ## - BIBLIOGRAPHY, ETC. NOTE |
| Bibliography, etc |
ბიბლიოგრ. : გვ. 311-312 |
| 653 ## - INDEX TERM--UNCONTROLLED |
| Uncontrolled term |
ინგლისის ისტორია |
| 653 ## - INDEX TERM--UNCONTROLLED |
| Uncontrolled term |
ისტორია |
| 700 ## - ADDED ENTRY--PERSONAL NAME |
| Personal name |
ჩიმაკაძე, ზ. |
| Relator term |
რედაქტორი |
| 9 (RLIN) |
23591 |
| 700 ## - ADDED ENTRY--PERSONAL NAME |
| Personal name |
ჩხეიძე, ა. |
| Relator term |
რედაქტორი |
| 9 (RLIN) |
24358 |
| 942 ## - ADDED ENTRY ELEMENTS (KOHA) |
| Koha item type |
წიგნი |
| Source of classification or shelving scheme |
|